000 00706nam a2200217Ia 4500
003 GCL
005 20240530110856.0
008 140319s9999 xx 000 0 ara d
040 _aGCL /
_cGCL
082 0 4 _a301.5
_bز م
100 0 _aزياد ابوعمرو
245 1 0 _aالمجتمع المدنى والتحول الديموقراطى فى فلسطين /
_cزياد ابوعمرو
260 _aالقاهرة :
_bدار الامين للنشر والتوزيع ،
_c1995
300 _a138 ص
650 0 4 _aالفلسطين
650 0 4 _aالمجتمع المدنى
650 0 4 _aالهيئات
650 0 4 _aالجمعيات
700 1 _aمنيرة احمد فخرو
942 _2ddc
_cBK
999 _c66034
_d66034